No.6

Tallennettuna:
Bibliografiset tiedot
Päätekijä: Atsuko, Asano
Aineistotyyppi: Kirja
Kieli:Undetermined
Julkaistu: Hà Nội Hồng Đức 2019
Aiheet:
Tagit: Lisää tagi
Ei tageja, Lisää ensimmäinen tagi!
Thư viện lưu trữ: Trung tâm Học liệu Trường Đại học Cần Thơ
LEADER 00539nam a2200193Ia 4500
001 CTU_231984
008 210402s9999 xx 000 0 und d
020 |c 55000 
082 |a 895.6 
082 |b A882/T.7 
100 |a Atsuko, Asano 
245 0 |a No.6 
245 0 |c Asano Atsuko ; Vũ Hải Hà (dịch) 
260 |a Hà Nội 
260 |b Hồng Đức 
260 |c 2019 
650 |a Tiểu thuyết Nhật Bản,Japanese fiction 
910 |a Tuyến 
980 |a Trung tâm Học liệu Trường Đại học Cần Thơ